000 00426nam a22001217a 4500
003 OSt
008 250120b |||||||| |||| 00| 0 eng d
041 _aeng
100 _aWorld Energy Conference
_96968
245 _aDo group no.3 wg-3B Energy Conservation in the Iron and Steel Industry of Federal Republic of Germany
260 _aNew Delhi:
_bOrganising Committe 12 Congress of the World Energy Conference,
_c1983.
942 _cBK
999 _c19062
_d19062